000 00565nam a2200205Ia 4500
003 OSt
005 20220926022101.0
006 a|||||r|||| 00| 0
007 ta
008 220923b |||||||| |||| 00| 0 eng d
037 _cGeneral Book
040 _aRTL
_cRTL
_beng
041 _2eng
_aeng
082 _aV1N45a.N87, M7/UN
245 0 _aIndex to Proceedings of the trusteeship Council
260 _aNew York
_bUnited Nations
_c1988
300 _avi; 51p.
_ccm.
942 _hV1N45a.N87, M7/UN
_cGB
_2CC
999 _c638476
_d638476